000 01829nam2a2200313 4500
001 RU\NLR\BIBL_A\012833599
005 20250624174846.0
010 _a978-5-7598-2608-8
_970
035 _a(NLR Aleph) 012833599
090 _a12369051
_c12369051
100 _a20220629d2022 |||y0rusy50 ca
101 0 _arus
102 _aRU
105 _aa z 000yy
200 1 _aПодготовка кадров для системы СПО: федеральные и региональные инициативы
_f[Крайчинская С.Б., Петров Е.Е., Романова О.А.]
210 _d2022
_aБ. м.
215 _a33 с.
_cцв. ил.
_d30
320 _aБиблиогр. в конце кн.
461 0 _1001RU\NLR\INFOCOMM9\5000121437
_12001#$aМониторинг экономики образования$eИнформ. бюл.$fГос. ун-т - Высш. шк. экономики$v2022, № 2 (19)
_94205135
_cМ.
_d2004 -
_fГос. ун-т - Высш. шк. экономики
_nГУ - ВШЭ
_oИнформ. бюл.
_tМониторинг экономики образования
_x2782-5353
_v2022, № 2 (19)
606 1 _aУчреждения среднего профессионального образования
_xПреподаватели
_xПодготовка
_92105439
_3RU\NLR\AUTH\661576542
686 1 _aЧ489.518.81
700 1 _aКрайчинская
_bС. Б.
_gСветлана Брониславовна
701 1 _7ca
_8rus
_aПетров
_bЕ. Е.
_cаналитик
_gЕвгений Евгеньевич
_9230512
_3RU\NLR\AUTH\770230568
701 1 _aРоманова
_bО. А.
_cметодист, проф. образование
_gОльга Анатольевна
_9211823
_3RU\NLR\AUTH\770211879
852 _aNLR
_jП29/1180
942 _cISSUE
980 _aNB
980 _aRUSPER